Statistiques concernant Les pays contenant entre 30 % et 40 % de catholiques

Cliquez ici pour prendre le quiz!

Statistiques générales

  • Ce quiz a été pris 9 fois
    (8 depuis la dernière actualisation)
  • Le résultat moyen est 1 sur 6

Statistiques - réponses

HintRéponse% Correct
30,0 %Allemagne
43%
38,7 %Canada
43%
30,3 %Suriname
14%
36,0 %Bosnie-Herzégovine
0%
33,0 %Nauru
0%
31,7 %Zambie
0%

Distribution des résultats

Percentile par nombre de réponses

% des personnes avec chaque résultat

Votre développement - résultats

Vous n’avez pas pris ce quiz depuis la dernière actualisation